Asamblea cooperativa
Guardado en:
| Autor Corporativo: | |
|---|---|
| Formato: | Texto |
| Publicado: |
San José:
INFOCOOP. Sección Publicaciones
|
| Materias: | |
| Etiquetas: |
Agregar Etiqueta
Sin Etiquetas, Sea el primero en etiquetar este registro!
|
MARC
| LEADER | 00000 a a2200000 04500 | ||
|---|---|---|---|
| 001 | 14155 | ||
| 003 | |||
| 040 | |a CRAI/IIS |c CRAI/IIS | ||
| 090 | |a 020900 | ||
| 110 | |a Instituto Nacional de Fomento Cooperativo (Costa Rica) | ||
| 245 | |a Asamblea cooperativa | ||
| 260 | |a San José: |b INFOCOOP. Sección Publicaciones | ||
| 300 | |a 18 p. | ||
| 650 | |a COOPERATIVAS | ||
| 999 | |c 16868 |d 16868 | ||
